[Event "Rated Blitz game"]
[Site "?"]
[Date "2021.06.26"]
[Round "?"]
[White "Bluesbrothers"]
[Black "forbiddencheapos"]
[Result "0-1"]
[WhiteElo "2360"]
[BlackElo "2403"]
[PlyCount "60"]
[EventDate "2021.??.??"]
[EventType "blitz"]

1. e4 e5 2. Nf3 Nc6 3. c3 d6 4. d4 Nf6 5. Nbd2 Be7 6. Bb5 Bd7 7. O-O O-O 8. Re1
a6 9. Bxc6 Bxc6 10. dxe5 dxe5 11. Nxe5 Bxe4 12. Nxe4 Nxe4 13. Qf3 Nd6 14. Bf4
Bf6 15. Rad1 Re8 16. Ng4 Rxe1+ 17. Rxe1 Rb8 18. Rd1 Be7 19. Ne5 Qf8 20. Nd7 Qe8
21. Nxb8 Qxb8 22. Qd5 h6 23. c4 b6 24. c5 bxc5 25. Qxc5 Qxb2 26. Qxc7 Qe2 27.
Qb8+ Kh7 28. Qb1+ Ne4 29. f3 Bc5+ 30. Kh1 Qxd1+ {Normal} 0-1

[Event "Rated Blitz game"]
[Site "?"]
[Date "2021.06.26"]
[Round "?"]
[White "FedericoGonzalez"]
[Black "bravadochess"]
[Result "0-1"]
[WhiteElo "2465"]
[BlackElo "2486"]
[PlyCount "46"]
[EventDate "2021.??.??"]
[EventType "blitz"]

1. e4 e5 2. Nf3 Nc6 3. c3 d5 4. Qa4 f6 5. d3 Be6 6. b4 Qd7 7. a3 g5 8. Bb2 Nge7
9. Nbd2 g4 10. Ng1 Ng6 11. Qc2 h5 12. h3 Bh6 13. hxg4 hxg4 14. Nb3 Bd2+ 15.
Qxd2 Rxh1 16. Ne2 dxe4 17. Nc5 Qe7 18. dxe4 Rd8 19. Qc2 b6 20. Qa4 Bd7 21. Nxd7
Qxd7 22. Qc2 Nf4 23. Nxf4 exf4 {Normal} 0-1

[Event "Rated Blitz game"]
[Site "?"]
[Date "2021.06.26"]
[Round "?"]
[White "LChess_007"]
[Black "Consent_to_treatment"]
[Result "0-1"]
[WhiteElo "2404"]
[BlackElo "2590"]
[PlyCount "93"]
[EventDate "2021.??.??"]
[EventType "blitz"]

1. e4 e5 2. Nf3 Nc6 3. c3 Nf6 4. d4 exd4 5. e5 Nd5 6. cxd4 Bb4+ 7. Bd2 Bxd2+ 8.
Nbxd2 d6 9. Bb5 Bd7 10. O-O dxe5 11. dxe5 O-O 12. Ne4 Nb6 13. Nc5 Nxe5 14. Bxd7
Nexd7 15. Nxb7 Qf6 16. Qc2 c5 17. Nxc5 Nxc5 18. Qxc5 Qxb2 19. a4 Rac8 20. Qa5
Rc7 21. Rab1 Qa2 22. Ra1 Qb2 23. Qb5 Rc2 24. Rfb1 Qc3 25. Qb4 h6 26. a5 Nd5 27.
Qxc3 Nxc3 28. Rb7 Ne2+ 29. Kf1 Nf4 30. Nd4 Rd2 31. Nf3 Rc2 32. Nd4 Rc4 33. Ne2
Nxe2 34. Kxe2 Re8+ 35. Kf1 Rc2 36. Rxa7 Ree2 37. Ra8+ Kh7 38. Rf8 Rxf2+ 39. Kg1
Rxg2+ 40. Kh1 Rxh2+ 41. Kg1 Rcg2+ 42. Kf1 Ra2 43. Rxa2 Rxa2 44. Rxf7 Rxa5 45.
Rf3 Kg6 46. Rf2 Rf5 47. Kg2 {Normal} 0-1

[Event "Rated Blitz game"]
[Site "?"]
[Date "2021.06.26"]
[Round "?"]
[White "ElAdversario"]
[Black "Chesstomioka"]
[Result "1-0"]
[WhiteElo "2665"]
[BlackElo "2622"]
[PlyCount "195"]
[EventDate "2021.??.??"]
[EventType "blitz"]

1. e4 e5 2. Nf3 Nc6 3. c3 Nf6 4. d4 exd4 5. e5 Nd5 6. Bc4 Nb6 7. Bb3 d5 8. cxd4
Be7 9. h3 h6 10. O-O Be6 11. Nc3 Qd7 12. Ne2 g5 13. Be3 g4 14. hxg4 Bxg4 15.
Nh2 h5 16. f3 Be6 17. Nf4 O-O-O 18. Rc1 Rdg8 19. Nxe6 Qxe6 20. Qe2 h4 21. f4
Qf5 22. Bc2 Qd7 23. b3 Rg3 24. Rf3 Rhg8 25. Rxg3 hxg3 26. Nf1 f5 27. Qh5 Kb8
28. Bxf5 Qd8 29. Bh3 Nb4 30. a3 Nd3 31. Rd1 Nf2 32. Bxf2 gxf2+ 33. Kxf2 Bxa3
34. f5 c5 35. f6 cxd4 36. f7 Rf8 37. e6 Qe7 38. Nd2 d3 39. Nf3 Qc5+ 40. Kg3
Qc7+ 41. Kf2 Qc2+ 42. Rd2 Qc5+ 43. Kg3 Qc7+ 44. Kh4 Be7+ 45. Kg4 Qc3 46. Qe5+
Qxe5 47. Nxe5 Kc7 48. Ng6 Kd6 49. Rxd3 Rc8 50. Nxe7 Kxe7 51. Kh5 d4 52. Kg6 Rd8
53. Kg7 Nc8 54. Rxd4 Nd6 55. Rxd6 Kxd6 56. f8=Q+ Rxf8 57. Kxf8 Kc5 58. e7 Kb4
59. e8=Q Kxb3 60. Qe7 b5 61. Qb7 b4 62. Qxa7 Kc4 63. Qe3 b3 64. Qxb3+ Kxb3 65.
g4 Kc4 66. g5 Kd4 67. g6 Ke5 68. g7 Kd4 69. g8=Q Ke4 70. Qf7 Kd4 71. Qe6 Kc5
72. Kf7 Kd4 73. Kf6 Kc5 74. Qe5+ Kc4 75. Kf5 Kd3 76. Qd5+ Kc3 77. Ke5 Kb4 78.
Be6 Kc3 79. Bf5 Kb4 80. Qd4+ Kb5 81. Bg6 Kc6 82. Ke4 Kb5 83. Qd5+ Kb6 84. Ke5
Ka6 85. Qd6+ Kb5 86. Kd5 Ka4 87. Qc6+ Kb3 88. Qc5 Kb2 89. Qc4 Ka1 90. Kd4 Kb2
91. Be8 Kb1 92. Qd3+ Kb2 93. Ke3 Ka2 94. Kd2 Kb2 95. Qc3+ Kb1 96. Qb4+ Ka2 97.
Kc2 Ka1 98. Qb2# {Normal} 1-0

[Event "Rated Blitz game"]
[Site "?"]
[Date "2021.06.26"]
[Round "?"]
[White "MisterMarple1963"]
[Black "HuruHara"]
[Result "0-1"]
[WhiteElo "2494"]
[BlackElo "2312"]
[PlyCount "90"]
[EventDate "2021.??.??"]
[EventType "blitz"]

1. e4 e5 2. Nf3 Nc6 3. c3 Nf6 4. d4 d6 5. Bb5 Bd7 6. O-O a6 7. Ba4 Nxe4 8. Qe2
d5 9. Bxc6 bxc6 10. Nxe5 Be7 11. f3 Nf6 12. Nd2 O-O 13. Nb3 Bd6 14. Qf2 a5 15.
Nc5 Bxc5 16. dxc5 a4 17. Re1 Re8 18. h4 Qc8 19. Bg5 Qd8 20. Nxd7 Qxd7 21. Bxf6
gxf6 22. Qg3+ Kf8 23. Qf4 Rxe1+ 24. Rxe1 Re8 25. Qh6+ Kg8 26. Rxe8+ Qxe8 27.
Qxf6 Qe3+ 28. Kh2 Qxc5 29. Qd8+ Kg7 30. Qxc7 a3 31. Qe5+ f6 32. Qc7+ Kg6 33.
h5+ Kxh5 34. Qxh7+ Kg5 35. Qg7+ Kf5 36. Qg4+ Ke5 37. Qg3+ Ke6 38. Qg4+ Kf7 39.
Qh5+ Kf8 40. Qh8+ Ke7 41. Qg7+ Ke6 42. Qg4+ Ke7 43. Qg7+ Kd8 44. bxa3 Qd6+ 45.
Kh3 Qe5 {Time forfeit} 0-1

[Event "Rated Blitz game"]
[Site "?"]
[Date "2021.06.26"]
[Round "?"]
[White "ElAdversario"]
[Black "Chesstomioka"]
[Result "0-1"]
[WhiteElo "2673"]
[BlackElo "2614"]
[PlyCount "48"]
[EventDate "2021.??.??"]
[EventType "blitz"]

1. e4 e5 2. Nf3 Nc6 3. c3 Nf6 4. d4 exd4 5. e5 Nd5 6. Bc4 Nb6 7. Bb3 d5 8. cxd4
Be7 9. Nc3 Bg4 10. Be3 Qd7 11. h3 Bf5 12. Na4 h6 13. Nc5 Bxc5 14. dxc5 Nc4 15.
Bd4 Be4 16. Bc3 Bxf3 17. Qxf3 N4xe5 18. Qxd5 Nd3+ 19. Kf1 Nxc5 20. Qxc5 O-O-O
21. Rd1 Qxd1+ 22. Bxd1 Rxd1+ 23. Be1 Re8 24. Qf5+ Kb8 {Normal} 0-1

[Event "Rated Blitz game"]
[Site "?"]
[Date "2021.06.26"]
[Round "?"]
[White "ElAdversario"]
[Black "Chesstomioka"]
[Result "1-0"]
[WhiteElo "2660"]
[BlackElo "2628"]
[PlyCount "169"]
[EventDate "2021.??.??"]
[EventType "blitz"]

1. e4 e5 2. Nf3 Nc6 3. c3 Nf6 4. d3 Bc5 5. Be2 d6 6. b4 Bb6 7. O-O O-O 8. Nbd2
Ne7 9. Nc4 Ng6 10. Nxb6 axb6 11. g3 c5 12. Re1 h6 13. Bf1 Qe7 14. h3 Nh7 15.
Bg2 Be6 16. a3 Qd7 17. Kh2 f5 18. exf5 Rxf5 19. Qe2 Raf8 20. Be3 Qf7 21. Nd2
Bd5 22. Ne4 Bxe4 23. Bxe4 Rf6 24. c4 Ng5 25. Bd5 Ne6 26. Rf1 Kh8 27. bxc5 bxc5
28. Rab1 Qe8 29. Rxb7 Qc8 30. Qg4 Qe8 31. Kg1 Nd4 32. Qd7 Qxd7 33. Rxd7 Nc2 34.
Bc1 Nd4 35. a4 Ne2+ 36. Kg2 Nxc1 37. Rxc1 Rxf2+ 38. Kg1 Ra2 39. Ra7 h5 40. h4
Kh7 41. Be4 Kh6 42. Ra6 Rf6 43. Rf1 Rxf1+ 44. Kxf1 Nf8 45. Rxd6+ g6 46. Rd5
Rxa4 47. Rxc5 Nd7 48. Rd5 Ra7 49. Rd6 Nf8 50. c5 Kg7 51. c6 Kf7 52. Ke2 Ke7 53.
Rd5 Ke6 54. Rc5 Rc7 55. Ke3 Kd6 56. Rd5+ Ke6 57. Rd8 Ke7 58. Rd5 Ke6 59. Rc5
Kd6 60. Rc4 Ne6 61. Bxg6 Nd4 62. Be4 Rc8 63. c7 Rxc7 64. Rxc7 Kxc7 65. Bg6 Kd6
66. Bxh5 Nf5+ 67. Kf2 Ke6 68. Bg4 Kf6 69. Bxf5 Kxf5 70. Kf3 Kf6 71. g4 Ke6 72.
Ke4 Kf6 73. g5+ Ke6 74. h5 Kd6 75. h6 Ke6 76. h7 Kd6 77. h8=Q Kc5 78. Qxe5+ Kc6
79. g6 Kd7 80. g7 Kc6 81. g8=Q Kd7 82. Qgd5+ Kc8 83. Qc3+ Kb8 84. Qdb3+ Ka7 85.
Qa1# {Normal} 1-0

[Event "Rated Blitz game"]
[Site "?"]
[Date "2021.06.26"]
[Round "?"]
[White "franqqo"]
[Black "Manu94"]
[Result "1-0"]
[WhiteElo "2427"]
[BlackElo "2477"]
[PlyCount "39"]
[EventDate "2021.??.??"]
[EventType "blitz"]

1. e4 e5 2. Nf3 Nc6 3. c3 d5 4. Qa4 Qd6 5. Bb5 Nge7 6. O-O Bd7 7. Re1 f6 8. d4
O-O-O 9. exd5 Nxd5 10. dxe5 fxe5 11. Bg5 Re8 12. Nbd2 h6 13. Bh4 g5 14. Bg3 Bg7
15. Nc4 Qc5 16. b4 Qe7 17. Bxc6 Bxc6 18. Qxa7 e4 19. Nfe5 Bxe5 20. Nxe5 {Normal
} 1-0

[Event "Rated Blitz game"]
[Site "?"]
[Date "2021.06.26"]
[Round "?"]
[White "di_mochalov"]
[Black "Sijavush"]
[Result "0-1"]
[WhiteElo "2507"]
[BlackElo "2502"]
[PlyCount "126"]
[EventDate "2021.??.??"]
[EventType "blitz"]

1. e4 e5 2. Nf3 Nc6 3. c3 Nf6 4. d4 exd4 5. cxd4 d5 6. e5 Ne4 7. Nc3 Bb4 8. Bd2
O-O 9. a3 Bxc3 10. bxc3 Bg4 11. Be2 f6 12. exf6 Qxf6 13. O-O Rae8 14. h3 Bh5
15. Rb1 b6 16. Rc1 Na5 17. Be3 Nc4 18. Ne5 Bxe2 19. Qxe2 Nxe5 20. dxe5 Qxe5 21.
Bd4 Qf5 22. Qb5 Nd2 23. Rfe1 Rxe1+ 24. Rxe1 c5 25. Be3 Nc4 26. Re2 Nxa3 27. Qc6
Nc2 28. Rxc2 Qxc2 29. Qxd5+ Kh8 30. c4 Qf5 31. Qb7 Qf7 32. Qc6 Qxc4 33. Qd6 Qf7
34. h4 h6 35. Qe5 Qf6 36. Qc7 Rf7 37. Qc8+ Kh7 38. h5 Qf5 39. Qe8 Qxh5 40. Qe4+
Qg6 41. Qc4 Qf5 42. Kh2 Qe5+ 43. Kg1 Rf6 44. Qd3+ Rg6 45. Kf1 Qh2 46. Qe4 Qxg2+
47. Qxg2 Rxg2 48. Kxg2 g5 49. Kf3 Kg6 50. Ke4 h5 51. f3 h4 52. Bg1 c4 53. Kd4
b5 54. Bh2 a5 55. Kc5 c3 56. Be5 c2 57. Bb2 h3 58. Kxb5 h2 59. Kxa5 h1=Q 60.
Kb4 c1=Q 61. Bxc1 Qxc1 62. Kb5 Qf4 63. Kb6 Qxf3 {Normal} 0-1

[Event "Rated Rapid game"]
[Site "?"]
[Date "2021.06.26"]
[Round "?"]
[White "Boris-Trapsky"]
[Black "Tunder77"]
[Result "0-1"]
[WhiteElo "2344"]
[BlackElo "2478"]
[PlyCount "50"]
[EventDate "2021.??.??"]
[EventType "rapid"]

1. e4 e5 2. Nf3 Nc6 3. c3 d5 4. exd5 Qxd5 5. d3 Bf5 6. c4 Qe6 7. Nc3 O-O-O 8.
a3 e4 9. Ng5 Qe8 10. Ncxe4 h6 11. g4 Bg6 12. f3 hxg5 13. Bxg5 Nf6 14. h4 Nxe4
15. fxe4 Bxe4 16. Rh2 Bd6 17. Rf2 Bg3 18. Bxd8 Bf3+ 19. Kd2 Bxd1 20. Bxc7 Bxf2
21. Rxd1 Kxc7 22. h5 Nd4 23. Kc1 Qa4 24. Rd2 Be3 25. b4 Qc2# {Normal} 0-1

[Event "Rated Blitz tournament AjZTxcdZ"]
[Site "?"]
[Date "2021.06.26"]
[Round "?"]
[White "PejuangBKD"]
[Black "Sterling_21"]
[Result "1/2-1/2"]
[WhiteElo "2414"]
[BlackElo "2374"]
[PlyCount "153"]
[EventDate "2021.??.??"]
[EventType "blitz"]

1. e4 e5 2. Nf3 Nc6 3. c3 d5 4. exd5 Qxd5 5. d4 exd4 6. cxd4 Bg4 7. Be2 Bb4+ 8.
Nc3 Bxf3 9. Bxf3 Qc4 10. d5 Nd4 11. Be2 Bxc3+ 12. bxc3 Qxc3+ 13. Bd2 Qxa1 14.
Qxa1 Nc2+ 15. Kd1 Nxa1 16. Bc3 Nf6 17. Bb5+ c6 18. dxc6 O-O-O+ 19. Kc1 a6 20.
Be2 Rhe8 21. Bf3 Ne4 22. Bxa1 bxc6 23. Bxg7 f5 24. Bh6 Rd5 25. Be3 Kd7 26. Kc2
Rb8 27. g4 Rb4 28. gxf5 Rc4+ 29. Kb2 Rb5+ 30. Ka1 Rxf5 31. Bg4 Ke6 32. Rb1 Ke5
33. Bxf5 Kxf5 34. Rb6 Rc2 35. Rb7 Nc3 36. Rb2 Rxb2 37. Kxb2 Nd1+ 38. Kc2 Nxe3+
39. fxe3 Ke4 40. Kd2 h5 41. a4 h4 42. h3 c5 43. a5 c4 44. Kc3 Kxe3 45. Kxc4 Kf3
46. Kd4 Kg3 47. Ke3 Kxh3 48. Kf3 Kh2 49. Kf2 h3 50. Kf1 Kg3 51. Kg1 Kf3 52. Kh2
Ke4 53. Kxh3 Kd4 54. Kg2 Kc4 55. Kf2 Kb4 56. Ke2 Kxa5 57. Kd2 Kb4 58. Kc2 Ka3
59. Kb1 Kb3 60. Ka1 Kc4 61. Kb1 Kb4 62. Ka1 Ka3 63. Kb1 Kb3 64. Ka1 Kc2 65. Ka2
Kc3 66. Ka1 Kb4 67. Kb1 Kb5 68. Ka1 Kb6 69. Kb1 Kb7 70. Ka1 Kc6 71. Ka2 Kb5 72.
Ka3 Ka5 73. Kb3 Kb5 74. Ka3 Kc4 75. Ka4 Kc5 76. Ka5 Kc6 77. Kxa6 {Normal}
1/2-1/2

[Event "Rated Blitz game"]
[Site "?"]
[Date "2021.06.26"]
[Round "?"]
[White "bkoleg"]
[Black "Abderrahim07"]
[Result "0-1"]
[WhiteElo "2323"]
[BlackElo "2412"]
[PlyCount "34"]
[EventDate "2021.??.??"]
[EventType "blitz"]

1. e4 e5 2. Nf3 Nc6 3. c3 d5 4. Qa4 Bd7 5. exd5 Nd4 6. Qd1 Nxf3+ 7. Qxf3 Nf6 8.
Bc4 e4 9. Qe2 Bd6 10. d3 O-O 11. dxe4 Nxe4 12. O-O Re8 13. Be3 Qh4 14. g3 Nxg3
15. fxg3 Bxg3 16. Rf3 Bd6 17. Qf2 Qxc4 {Normal} 0-1

[Event "Rated Blitz game"]
[Site "?"]
[Date "2021.06.26"]
[Round "?"]
[White "eduardo_tunguia"]
[Black "Castadiva"]
[Result "0-1"]
[WhiteElo "2353"]
[BlackElo "2518"]
[PlyCount "62"]
[EventDate "2021.??.??"]
[EventType "blitz"]

1. e4 e5 2. Nf3 Nc6 3. c3 Nf6 4. d3 Be7 5. Be2 O-O 6. O-O h6 7. h3 Re8 8. Qc2
Bf8 9. Be3 d5 10. a3 a5 11. Nbd2 Be6 12. Nh2 Qc8 13. f4 exf4 14. Bxf4 dxe4 15.
Nxe4 Nxe4 16. dxe4 a4 17. Bb5 Bb3 18. Qe2 Qe6 19. Rae1 f5 20. e5 Bd5 21. Nf3 g5
22. Bh2 f4 23. Bxc6 Bxc6 24. Nd4 Bc5 25. Kh1 Bxd4 26. cxd4 Rad8 27. Rd1 Qb3 28.
Qh5 Kg7 29. Qg4 Rf8 30. h4 f3 31. Rf2 Qxd1+ {Normal} 0-1

[Event "Rated Blitz game"]
[Site "?"]
[Date "2021.06.26"]
[Round "?"]
[White "Maestro04"]
[Black "superman_100"]
[Result "1/2-1/2"]
[WhiteElo "2376"]
[BlackElo "2422"]
[PlyCount "143"]
[EventDate "2021.??.??"]
[EventType "blitz"]

1. e4 e5 2. Nf3 Nc6 3. c3 d6 4. d4 Nf6 5. Bg5 Be7 6. Nbd2 h6 7. Bh4 O-O 8. Be2
exd4 9. cxd4 Nxe4 10. Nxe4 Bxh4 11. d5 Ne5 12. Nxe5 dxe5 13. Rc1 Bf5 14. Bf3 c6
15. dxc6 bxc6 16. O-O Qb6 17. Nd6 Bd7 18. Nc4 Qc7 19. Nxe5 Qxe5 20. Qxd7 Qxb2
21. Rxc6 Qxa2 22. Bd5 Qb2 23. Rc7 Rad8 24. Bxf7+ Kh8 25. Qg4 Qb6 26. Rd7 Rxd7
27. Qxd7 Qf6 28. Bd5 Bxf2+ 29. Kh1 Qf5 30. Qxf5 Rxf5 31. Be4 Re5 32. Bg6 Re6
33. Bb1 Rf6 34. g3 a5 35. Kg2 Bd4 36. Rd1 Rd6 37. Kf3 Kg8 38. Ba2+ Kf8 39. Ke4
Bc5 40. Rf1+ Ke7 41. Rf7+ Kd8 42. Rxg7 Rd4+ 43. Ke5 Rd7 44. Rg8+ Kc7 45. Ke6
Rd2 46. Rg7+ Kb6 47. Bd5 Bd4 48. Rb7+ Kc5 49. Be4 Re2 50. Kf5 Bc3 51. Rc7+ Kd4
52. Bf3 Rf2 53. Kg4 Bb4 54. Rd7+ Kc3 55. Rd5 Kb2 56. Rb5 Rd2 57. Be4 Rd4 58.
Kf5 Kc3 59. g4 Rc4 60. h4 Rc5+ 61. Rxc5+ Bxc5 62. g5 hxg5 63. hxg5 Be7 64. g6
Bf8 65. Kf6 Bh6 66. Bd5 a4 67. Bf7 a3 68. Be6 Kb2 69. Bd5 a2 70. g7 Bxg7+ 71.
Kxg7 a1=Q 72. Bf7 {Time forfeit} 1/2-1/2

[Event "Rated Blitz game"]
[Site "?"]
[Date "2021.06.26"]
[Round "?"]
[White "mandarria"]
[Black "josemruizb"]
[Result "0-1"]
[WhiteElo "2458"]
[BlackElo "2298"]
[PlyCount "138"]
[EventDate "2021.??.??"]
[EventType "blitz"]

1. e4 e5 2. Nf3 Nc6 3. c3 d5 4. Qa4 f6 5. exd5 Qxd5 6. Bc4 Qe4+ 7. Kf1 Bf5 8.
h4 O-O-O 9. h5 Qc2 10. Qxc2 Bxc2 11. Na3 Be4 12. Ke2 Nge7 13. d3 Bf5 14. b4 Nd5
15. Bd2 Be7 16. Nc2 Rhe8 17. Ne3 Nf4+ 18. Kf1 Bxd3+ 19. Bxd3 Rxd3 20. g3 Ne6
21. Ke2 Red8 22. Rhd1 a6 23. a4 b6 24. Nf5 Bf8 25. Rac1 Kb7 26. Ne3 g6 27. hxg6
hxg6 28. Rh1 f5 29. Rcd1 e4 30. Nh4 f4 31. Nc4 f3+ 32. Ke1 Bh6 33. Ne3 a5 34.
Nxf3 Bxe3 35. fxe3 exf3 36. Rf1 Ne5 37. g4 g5 38. Rh1 Nxg4 39. Rg1 Nxe3 40.
Bxe3 Rxd1+ 41. Kf2 Rxg1 42. Kxg1 g4 43. Kf2 Rg8 44. Kg3 axb4 45. cxb4 c5 46.
bxc5 bxc5 47. a5 Kc6 48. Bd2 Kb5 49. a6 Kxa6 50. Bc3 Nd4 51. Kf2 Kb5 52. Ke3
Rf8 53. Kf2 Re8 54. Kg3 Kc4 55. Be1 Nc2 56. Bf2 Kd3 57. Kxg4 Ke2 58. Bh4 f2 59.
Bxf2 Kxf2 60. Kf5 Kf1 61. Kf6 Re2 62. Kf7 Ne3 63. Kf6 c4 64. Ke5 c3 65. Kd4 c2
66. Kd3 c1=Q 67. Kd4 Qd1+ 68. Kc5 Ng2 69. Kc6 Rc2+ {Time forfeit} 0-1

[Event "Rated Blitz game"]
[Site "?"]
[Date "2021.06.26"]
[Round "?"]
[White "MisterMarple1963"]
[Black "Aram67-Shag"]
[Result "0-1"]
[WhiteElo "2493"]
[BlackElo "2487"]
[PlyCount "76"]
[EventDate "2021.??.??"]
[EventType "blitz"]

1. e4 e5 2. Nf3 Nc6 3. c3 d6 4. Bb5 Bd7 5. O-O h6 6. d4 exd4 7. cxd4 a6 8. Ba4
Nf6 9. Nc3 Be7 10. h3 O-O 11. Re1 Nh7 12. Be3 Kh8 13. Qd2 f5 14. exf5 Bxf5 15.
Nd5 b5 16. Bb3 Bxh3 17. Rac1 Bd7 18. Bxh6 gxh6 19. Qxh6 Bg5 20. Qh5 Rxf3 21.
gxf3 Nxd4 22. Rxc7 Rc8 23. Rxc8 Bxc8 24. Re4 Nxb3 25. axb3 Qg8 26. Re8 Be6 27.
Rxg8+ Bxg8 28. Ne3 Kg7 29. f4 Bxf4 30. Qg4+ Bg5 31. f4 Kg6 32. fxg5 Nxg5 33.
Qf5+ Kh6 34. Ng4+ Kh5 35. Nf6+ Kh6 36. Nxg8+ Kg7 37. Qxg5+ Kf7 38. Qf6+ Kxg8 {
Time forfeit} 0-1

[Event "Rated Blitz game"]
[Site "?"]
[Date "2021.06.26"]
[Round "?"]
[White "blunder_ata"]
[Black "delhiGM"]
[Result "0-1"]
[WhiteElo "2425"]
[BlackElo "2467"]
[PlyCount "78"]
[EventDate "2021.??.??"]
[EventType "blitz"]

1. e4 e5 2. Nf3 Nc6 3. c3 d5 4. Qa4 dxe4 5. Nxe5 Qd5 6. Nxc6 bxc6 7. Bc4 Qd7 8.
O-O Nf6 9. d3 exd3 10. Qb3 Nd5 11. Bxd5 Qxd5 12. Re1+ Be7 13. Qxd5 cxd5 14. Bf4
c6 15. Bd6 Be6 16. Bxe7 Kxe7 17. Nd2 Kd6 18. Nf3 Rhe8 19. Nd4 c5 20. Nb5+ Kc6
21. a4 a6 22. Na3 c4 23. f4 Rab8 24. Rab1 g6 25. h3 h5 26. Kf2 Rb3 27. Kf3 Reb8
28. g4 hxg4+ 29. hxg4 Rxb2 30. Rxb2 Rxb2 31. Nb1 Kd6 32. g5 Bf5 33. Ke3 Rc2 34.
Nd2 Rxc3 35. Kd4 Ra3 36. Re5 Be6 37. f5 gxf5 38. a5 c3 39. Nf3 d2 {Normal} 0-1

[Event "Rated Blitz game"]
[Site "?"]
[Date "2021.06.26"]
[Round "?"]
[White "FedericoGonzalez"]
[Black "saadkilany"]
[Result "1-0"]
[WhiteElo "2460"]
[BlackElo "2301"]
[PlyCount "79"]
[EventDate "2021.??.??"]
[EventType "blitz"]

1. e4 e5 2. Nf3 Nc6 3. c3 Bc5 4. b4 Bb6 5. b5 Nce7 6. Nxe5 d5 7. exd5 Qxd5 8.
d4 Nf6 9. Qf3 Qxf3 10. Nxf3 c5 11. bxc6 bxc6 12. Be2 O-O 13. O-O Ned5 14. Bd2
Bf5 15. Ne5 Ne4 16. Be1 Rac8 17. f3 Nd6 18. g4 Nf4 19. Ba6 Bxb1 20. Rxb1 Rc7
21. Bg3 g5 22. Bxf4 gxf4 23. Rfe1 c5 24. d5 c4+ 25. Kg2 Be3 26. Red1 Rc5 27.
Rb4 Ra5 28. Bxc4 Nxc4 29. Nxc4 Rxa2+ 30. Kh3 f5 31. d6 fxg4+ 32. Kxg4 Rg2+ 33.
Kh3 Rg7 34. d7 Rd8 35. Rb7 Bb6 36. Rd5 Kf8 37. Ne5 Rg5 38. c4 Rg8 39. c5 Ba5
40. Rxa7 {Normal} 1-0

[Event "Rated Blitz game"]
[Site "?"]
[Date "2021.06.26"]
[Round "?"]
[White "wallie666"]
[Black "may6edrunknow"]
[Result "1-0"]
[WhiteElo "2436"]
[BlackElo "2291"]
[PlyCount "58"]
[EventDate "2021.??.??"]
[EventType "blitz"]

1. e4 e5 2. Nf3 Nc6 3. c3 d5 4. Qa4 Bd7 5. exd5 Nd4 6. Qd1 Nxf3+ 7. Qxf3 Nf6 8.
c4 e4 9. Qc3 Bd6 10. d4 b6 11. Be3 Qe7 12. a3 O-O 13. Nd2 a5 14. Be2 Rfe8 15.
h3 c6 16. dxc6 Bxc6 17. d5 Be5 18. Bd4 Bxd4 19. Qxd4 Bb7 20. O-O Qd6 21. Rfd1
Rac8 22. Nf1 Qe5 23. Ne3 Qg5 24. b4 axb4 25. axb4 Rcd8 26. Qxb6 Bc8 27. Qc7
Bxh3 28. Qg3 Qxg3 29. fxg3 Bd7 {Normal} 1-0

[Event "Rated Blitz game"]
[Site "?"]
[Date "2021.06.25"]
[Round "?"]
[White "massa_tom"]
[Black "deek741"]
[Result "0-1"]
[WhiteElo "2296"]
[BlackElo "2406"]
[PlyCount "64"]
[EventDate "2021.??.??"]
[EventType "blitz"]

1. e4 e5 2. Nf3 Nc6 3. c3 d5 4. Qa4 Bd7 5. exd5 Nd4 6. Qd1 Nxf3+ 7. Qxf3 Bc5 8.
Bc4 Nf6 9. O-O O-O 10. h3 e4 11. Qe2 Bf5 12. d4 exd3 13. Bxd3 Bxd3 14. Qxd3
Qxd5 15. Qxd5 Nxd5 16. Nd2 Nf4 17. Ne4 Ne2+ 18. Kh2 Bb6 19. Re1 Nxc1 20. Raxc1
Rfe8 21. Kg3 Re6 22. f3 Rae8 23. Red1 h6 24. c4 Rg6+ 25. Kh2 c6 26. c5 Bc7+ 27.
Kg1 Bf4 28. Rc3 f5 29. Nd6 Re2 30. Nxf5 Rgxg2+ 31. Kf1 Ref2+ 32. Ke1 Rxb2 {
Normal} 0-1

[Event "Rated Blitz game"]
[Site "?"]
[Date "2021.06.25"]
[Round "?"]
[White "eduardo_tunguia"]
[Black "eugeniusKing"]
[Result "1-0"]
[WhiteElo "2374"]
[BlackElo "2454"]
[PlyCount "45"]
[EventDate "2021.??.??"]
[EventType "blitz"]

1. e4 e5 2. Nf3 Nc6 3. c3 Nf6 4. d3 d5 5. Qc2 Be7 6. Be2 O-O 7. O-O Bg4 8. h3
Bh5 9. Bg5 dxe4 10. dxe4 Nd7 11. Be3 Bc5 12. Nbd2 Bxe3 13. fxe3 Nc5 14. Nc4
Bxf3 15. Bxf3 b5 16. Rad1 Qe7 17. Na3 a6 18. Rd5 Rad8 19. Rfd1 Qg5 20. Qd2 Ne6
21. Nc2 Ne7 22. Rxd8 Nxd8 23. Qxd8 {Normal} 1-0

[Event "Rated Blitz game"]
[Site "?"]
[Date "2021.06.25"]
[Round "?"]
[White "Buzilo"]
[Black "MI-DTB"]
[Result "0-1"]
[WhiteElo "2381"]
[BlackElo "2430"]
[PlyCount "44"]
[EventDate "2021.??.??"]
[EventType "blitz"]

1. e4 e5 2. Nf3 Nc6 3. c3 Nf6 4. d3 d5 5. Qc2 d4 6. cxd4 Nxd4 7. Nxd4 Qxd4 8.
Be3 Qd8 9. Nc3 c5 10. Be2 b6 11. f4 Bd6 12. O-O exf4 13. Bxf4 Bxf4 14. Rxf4 O-O
15. Raf1 Ne8 16. Nd5 Be6 17. Ne3 Qd4 18. Qd2 Nd6 19. Kh1 g5 20. Rf6 Nxe4 21.
Nc2 Nxd2 22. Nxd4 Nxf1 {Normal} 0-1

[Event "Rated Blitz game"]
[Site "?"]
[Date "2021.06.25"]
[Round "?"]
[White "FedericoGonzalez"]
[Black "khpgc"]
[Result "1-0"]
[WhiteElo "2451"]
[BlackElo "2368"]
[PlyCount "93"]
[EventDate "2021.??.??"]
[EventType "blitz"]

1. e4 e5 2. Nf3 Nc6 3. c3 Nf6 4. d4 Nxe4 5. d5 Nb8 6. Nxe5 Qe7 7. Qd4 d6 8.
Qxe4 Qxe5 9. Nd2 Bf5 10. Bb5+ Nd7 11. Qxe5+ dxe5 12. O-O a6 13. Ba4 O-O-O 14.
Re1 f6 15. Nf1 Nb6 16. Bb3 Bd3 17. Ne3 Bc5 18. a4 a5 19. Ba2 Bxe3 20. Rxe3 Bc4
21. Bxc4 Nxc4 22. Rg3 g5 23. b3 Nb6 24. c4 Nd7 25. Ba3 b6 26. Re1 Rhe8 27. h4
h6 28. hxg5 hxg5 29. Rh3 Nc5 30. Bxc5 bxc5 31. Rh6 Rf8 32. g4 Kd7 33. Kg2 Rb8
34. Re3 Rb4 35. Reh3 Ke7 36. Rh7+ Rf7 37. Rh8 Kd6 38. Ra8 e4 39. Rxa5 Re7 40.
Re3 Ke5 41. Rxc5 Kd4 42. Rc6 Re8 43. d6 cxd6 44. Rxd6+ Kc5 45. Rd5+ Kc6 46. Rb5
Rb8 47. Kg3 {Time forfeit} 1-0

[Event "Rated Blitz game"]
[Site "?"]
[Date "2021.06.25"]
[Round "?"]
[White "blitzer-shmitzer"]
[Black "kichot78"]
[Result "1-0"]
[WhiteElo "2410"]
[BlackElo "2567"]
[PlyCount "51"]
[EventDate "2021.??.??"]
[EventType "blitz"]

1. e4 e5 2. Nf3 Nc6 3. c3 Nf6 4. d4 Nxe4 5. d5 Bc5 6. dxc6 Bxf2+ 7. Ke2 Bb6 8.
Qd5 O-O 9. Qxe4 d5 10. Qh4 Qe8 11. Be3 Bxe3 12. Kxe3 bxc6 13. Nbd2 f5 14. Kf2
e4 15. Re1 Qg6 16. Ng5 h6 17. Nh3 Qd6 18. Be2 Qc5+ 19. Kf1 f4 20. Nb3 Qd6 21.
Nf2 g5 22. Qh5 c5 23. h4 c4 24. Nd4 c5 25. Nb5 Qb6 26. hxg5 {Normal} 1-0

[Event "Rated Blitz game"]
[Site "?"]
[Date "2021.06.25"]
[Round "?"]
[White "John-Nash"]
[Black "sierra92"]
[Result "0-1"]
[WhiteElo "2384"]
[BlackElo "2409"]
[PlyCount "76"]
[EventDate "2021.??.??"]
[EventType "blitz"]

1. e4 e5 2. Nf3 Nc6 3. c3 Nf6 4. d4 exd4 5. e5 Ne4 6. cxd4 d5 7. Nc3 Bb4 8. Qb3
Bg4 9. Be3 O-O 10. Be2 f6 11. exf6 Nxf6 12. O-O Bxc3 13. bxc3 b6 14. Rfe1 Na5
15. Qc2 Ne4 16. Ne5 Bxe2 17. Rxe2 Qd6 18. f3 Nf6 19. Rae1 Rae8 20. Bf2 Qa3 21.
Bh4 c5 22. Bxf6 gxf6 23. Nd7 Rxe2 24. Qxe2 Rf7 25. Qe6 Kg7 26. Qg4+ Kh6 27. Re6
Qc1+ 28. Kf2 Qd2+ 29. Kg3 Qg5 30. Nxf6 Qxg4+ 31. Nxg4+ Kg7 32. Ne5 Rc7 33. Rd6
Nc4 34. Rxd5 cxd4 35. Nxc4 dxc3 36. Ne3 Re7 37. Nc2 Re2 38. Rd3 Rxc2 {Time
forfeit} 0-1

[Event "Rated Blitz game"]
[Site "?"]
[Date "2021.06.25"]
[Round "?"]
[White "mandarria"]
[Black "Mushiron"]
[Result "0-1"]
[WhiteElo "2421"]
[BlackElo "2386"]
[PlyCount "52"]
[EventDate "2021.??.??"]
[EventType "blitz"]

1. e4 e5 2. Nf3 Nc6 3. c3 Nf6 4. d4 d6 5. Bb5 Bd7 6. d5 Ne7 7. Bxd7+ Qxd7 8.
Nbd2 g6 9. O-O Bg7 10. c4 O-O 11. c5 Nh5 12. Nc4 Rad8 13. cxd6 cxd6 14. a4 h6
15. Be3 f5 16. Bxa7 fxe4 17. Nfd2 Nxd5 18. Nxe4 Ndf4 19. Ncxd6 Qc6 20. Qb3+ Kh7
21. Rac1 Ne2+ 22. Kh1 Nxc1 23. Qd1 Na2 24. Qb3 Nf4 25. Qxa2 Rxd6 26. Nxd6 Qxg2#
{Normal} 0-1